Cities of light : (Record no. 95212)

MARC details
000 -LEADER
fixed length control field 00564nam a22001817a 4500
005 - DATE AND TIME OF LATEST TRANSACTION
control field 20151015114402.0
010 ## - LCCN (DPL NO)
LC control number ENG-113699
020 ## - INTERNATIONAL STANDARD BOOK NUMBER
International Standard Book Number 9788189430320
Terms of availability 200.00
035 ## - SYSTEM CONTROL NUMBER
System control number EN-97231
037 ## - SOURCE OF ACQUISITION
Source of stock number/acquisition DBAD/PUB
082 ## - DEWEY DECIMAL CLASSIFICATION NUMBER
Classification number 299.93
100 ## - MAIN ENTRY--PERSONAL NAME
Personal name Kriyananda, Swami
245 ## - TITLE STATEMENT
Title Cities of light :
Statement of responsibility, etc by Swami Kriyananda
Remainder of title what communities can accomplish in the new age /
260 ## - PUBLICATION, DISTRIBUTION, ETC. (IMPRINT)
Place of publication, distribution, etc Gurgaon
Name of publisher, distributor, etc Ananda Sangha Publications
Date of publication, distribution, etc 2009
270 ## - ADDRESS
Address B-108 DLF Phase I
City Gurgaon
Postal code 122002
300 ## - PHYSICAL DESCRIPTION
Extent ix,175p.
Dimensions 22cm(pbk)
942 ## - ADDED ENTRY ELEMENTS (KOHA)
Source of classification or shelving scheme Dewey Decimal Classification
Item type English Books
Call number suffix KRI
Classification part 299.93
Holdings
Withdrawn status Lost status Not for loan Collection code Home library Current library Date acquired Source of acquisition Cost, normal purchase price Full call number Barcode Copy number Cost, replacement price Koha item type
    Not For Loan Non-fiction D.B.Act.Division D.B.Act.Division 24/07/2015 DBAD/PUB 200.00 299.93 KRI EN-97231 1 200.00 English Books

© Delhi Public Library
Hit Counter
free hit counter